000 00611nam a2200181 i 4500
001 80339
003 ES-MaACL
005 20250913153953.0
007 t|
008 041027s1964 sp ||||1| spa d
100 1 _aHobsbawm, E. J. (
_d1917-2012)
_963862
245 1 4 _aLas revoluciones burguesas
_b: Europa 1789-1848 /
_cEric J. Hobsbawm ; lo tradujo al español F. Ximénez de Sandoval.
260 _aMadrid :
_bGuadarrama,
_c1964.
300 _a403 p., 37 lám. ;
_c24 cm.
700 1 _aXiménez de Sandoval, Felipe,
_d1903-1978
_9117510
852 _aES-MaACL
_jC-24591
_bR.53439
999 _c80339
_d80339